000 00547nam a2200193Ia 4500
005 20250508154447.0
008 008 250505s9999 xx 000 0 eng d
037 _aTextual
040 _aFEDL
_beng
_cFEDL
041 _aeng
_2eng
084 _a401, TAR
_qFEDL
100 _aTaraporewala Irach Jehangir Sorabji
245 0 _aElements of the science of language
250 _a3
260 _aCalcutta, India
_bCalcutta University Press
_c1962
300 _axxxiii,650p
942 _cTEXL
_h401, TAR
999 _c1350386
_d1350386